Movies Quiz

Random Movies or Christmas Quiz
Score 0/10 Timer 03:00
0 Plays Today
Question Answer % Correct
Where was Kevin's family going on holiday to in Home Alone?Paris
81.5%
We'll start off easy. What is the name of Harry Potter's owl?Hedwig
76.5%
Little Women nabbed Saoirse Ronan yet another Oscar nomination. How many times has she been nominated now?Four
31%
Alan Rickman buys Emma Thompson an album for Christmas, who is the artist?Joni Mitchell
26%
What is the name of the toy everyone wants in Jingle All The Way?TurboMan
25.4%
What is the name of the actor that plays Will Ferrell's dad in Elf?James Caan
16.1%
In The Holiday, Kate Winslett and Cameron Diaz swap homes for Christmas. Kate goes to LA, but where does Cameron go?Surrey
13.1%
What is the name of the building they're all trapped in in Die Hard?Nakatomi Plaza
11.7%
Who narrates the 2000 version of The Grinch?Anthony Hopkins
4.8%
Last Christmas stars Emilia Clarke, can you properly spell her character's name from Game Of Thrones?Daenerys Targaryen
4.1%
Remove Ads.
Support Sporcle.
Get the best of Sporcle when you Go Orange. This ad-free experience offers more features, more stats, and more fun while also helping to support Sporcle. Thank you for becoming a member.

You're not logged in!

Compare scores with friends on all Sporcle quizzes.
OR
Log In

Show Comments

Extras

Created Nov 20, 2020ReportNominate
Tags:Christmas Quiz

Top Quizzes Today


Score Distribution

Your Account Isn't Verified!

In order to create a playlist on Sporcle, you need to verify the email address you used during registration. Go to your Sporcle Settings to finish the process.

Report this User

Report this user for behavior that violates our Community Guidelines.

Details: